00321nam a2200133Ia 4500008004100000041000800041082001600049100002800065245003000093250001400123260002800137300001500165365000700180240624s9999 xx 000 0 und d aeng a338.522 WAT aWATSON DONALD STEVENSON aPRICE THEORY AND ITS USES a(5th ed.) c2004aDelhibA.I.T.B.S. axvi, : 534 cRS